000 00567cam a22002053a 4500
001 40479
003 PGUSA
005 20140828083914.0
008 120811s2012||||xxu|||||s|||||000 | eng d
040 _aPGUSA
_beng
042 _adc
100 1 _aRosen, Erwin,
_d1876-1923
245 1 0 _aIn the Foreign Legion
_h[electronic resource] /
_cErwin Rosen
260 _bProject Gutenberg,
_c2012
506 _aPublic domain in the USA.
516 _aElectronic text
830 0 _aProject Gutenberg
_v40479
856 4 0 _uhttp://www.gutenberg.org/ebooks/40479
942 _cEB
999 _c269732
_d269732